[Event "Ardid mem 10th op"]
[Site "Zaragoza"]
[Date "1998.??.??"]
[Round "5"]
[White "Del Rey, Diego"]
[Black "Gonzalez Aguirre, Luis"]
[Result "1-0"]
[WhiteElo "2350"]
[BlackElo "2135"]

1.d4 Nf6 2.c4 e6 3.Nc3 Bb4 4.Qc2 O-O 5.a3 Bxc3+ 6.Qxc3 b6 7.Bg5 Bb7 8.f3 c5
9.dxc5 bxc5 10.e3 Nc6 11.Nh3 h6 12.Bh4 Ne4 13.Bxd8 Nxc3 14.Bc7 Na4 15.O-O-O Nb8
16.Bd6 Rc8 17.b3 Nb6 18.Bd3 Nc6 19.Bc2 Na5 20.Nf2 Bc6 21.Bxc5 d5 22.Bb4 dxc4
23.Bxa5 cxb3 24.Bxb3 Bxf3+ 25.Kb2 Bxd1 26.Rxd1 Nc4+ 27.Bxc4 Rxc4 28.Kb3 Rcc8
29.Rd4 Rc1 30.Nd3 Rb1+ 31.Ka4 g5 32.h4 Rc8 33.Ne5 Rc2 34.hxg5 hxg5 35.Rd8+ Kg7
36.Rd7 Rf1 37.g3 Rc5 38.Nd3 Rc2 39.Rxa7 Rf3 40.Ne5 Rf1 41.Bb6 Rg2 42.Bd4 Kg8
43.Ng4 Rxg3 44.Ra8+ Kh7 45.Rh8+ Kg6 46.Rh6+ Kf5 47.Rf6+ Kxg4 48.Rxf1 f5 49.Kb4 f4
50.exf4 gxf4 51.Re1 Rd3 52.Bb6 Kf5 53.a4 e5 54.a5 e4 55.a6 Rg3 56.a7 Rg8
57.Bc7 Ra8 58.Bb8 e3 59.Rf1 Ke4 60.Rxf4+  1-0

[Event "Rilton Cup 9899"]
[Site "Stockholm"]
[Date "1999.01.04"]
[Round "7"]
[White "Hillarp Persson, Tiger"]
[Black "Norqvist, Jorgen"]
[Result "1-0"]
[WhiteElo "2410"]
[BlackElo "2190"]

1.d4 Nf6 2.c4 e6 3.Nc3 Bb4 4.Qc2 O-O 5.e4 e5 6.dxe5 Ng4 7.Be2 Nxe5 8.f4 Nec6
9.Nf3 Re8 10.O-O Bc5+ 11.Kh1 Nd4 12.Nxd4 Bxd4 13.e5 d6 14.Bd3 h6 15.exd6 Nc6
16.dxc7 Qxc7 17.Nd5 Qd6 18.f5 Nb4 19.Nxb4 Qxb4 20.Rb1 Re1 21.Bd2 Rxf1+ 22.Rxf1 Qxb2
23.Qxb2 Bxb2 24.Be4 Be5 25.Rb1 Rb8 26.c5 Kf8 27.g4 Ke7 28.Kg2 Kd8 29.Ba5+ Ke7
30.h4 Bd4 31.Bc7 Ra8 32.Bd6+ Kf6 33.Kf3 g6 34.fxg6 fxg6 35.c6 bxc6 36.Bxc6 Bxg4+
37.Kxg4 Rc8 38.Bd5 h5+ 39.Kf4 Rc2 40.Rb7 Rf2+ 41.Ke4 g5 42.Kxd4 Rd2+ 43.Ke4 gxh4
44.Be5+ Kg6 45.Bf7+ Kh7 46.Be6+ Kg6 47.Bf5+ Kh6 48.Bf4+  1-0

[Event "Rilton Cup 9899"]
[Site "Stockholm"]
[Date "1999.01.04"]
[Round "7"]
[White "Yrjola, Jouni"]
[Black "Welin, Mats"]
[Result "1-0"]
[WhiteElo "2400"]
[BlackElo "2235"]

1.d4 Nf6 2.c4 e6 3.Nc3 Bb4 4.Qc2 O-O 5.e4 d5 6.e5 Ne4 7.Bd3 c5 8.cxd5 exd5
9.Ne2 Nc6 10.O-O Bxc3 11.bxc3 cxd4 12.cxd4 Nb4 13.Qb1 Nxd3 14.Qxd3 Bf5 15.Qb3 Rc8
16.f3 Ng5 17.Ng3 Bc2 18.Qxb7 Ne6 19.Qxa7 Rc4 20.Be3 Ra4 21.Qb7 Qa8 22.Qxa8 Rfxa8
23.Rfc1 Bd3 24.Rc3 Bc4 25.Nf5 Bxa2 26.f4 Kf8 27.Rd1 Bc4 28.Nd6 Ra1 29.Rdc1 Rxc1+
30.Rxc1 Ba6 31.f5 Nd8 32.Rc7 h6 33.g4  1-0

[Event "Hamburg IM"]
[Site "Hamburg"]
[Date "1999.01.13"]
[Round "3"]
[White "Pajeken, Wolfgang"]
[Black "Gustafsson, Jan"]
[Result "1/2-1/2"]
[WhiteElo "2285"]
[BlackElo "2410"]

1.d4 Nf6 2.c4 e6 3.Nc3 Bb4 4.Qc2 O-O 5.Nf3 c5 6.dxc5 Bxc5 7.Bg5 Be7 8.e3 a6
9.Be2 d6 10.Nd4 Nbd7 11.O-O Qc7 12.Rac1 b6 13.Bf3 Bb7 14.Bxb7 Qxb7 15.Qe2 Rac8
16.Rfd1 Rfd8 17.e4 Re8 18.Nf3 Ne5  1/2-1/2

[Event "Tapolca op"]
[Site "Budapest"]
[Date "1999.01.15"]
[Round "8"]
[White "Jakab, Attila"]
[Black "Balogh, Viktor"]
[Result "1-0"]
[WhiteElo "2245"]
[BlackElo "2100"]

1.d4 Nf6 2.c4 e6 3.Nc3 Bb4 4.Qc2 O-O 5.a3 Bxc3+ 6.Qxc3 b6 7.Nf3 Bb7 8.g3 d6
9.Bg2 c5 10.dxc5 bxc5 11.O-O Nbd7 12.b4 Rc8 13.Qb3 d5 14.Bb2 Qb6 15.Rab1 dxc4
16.Qxc4 Ba6 17.bxc5 Bxc4 18.cxb6 Nxb6 19.Rfe1 Ba2 20.Rbc1 Bd5 21.Ne5 Ne4
22.Bd4 f6 23.Bxb6 Rxc1 24.Rxc1 axb6 25.Nd7 Ra8 26.Nxb6 Rxa3 27.Bxe4 Bxe4
28.f3 Rb3 29.Rc8+ Kf7 30.Rc7+ Kg6 31.Nd7 Bd5 32.Nf8+ Kh6 33.e4 Rb1+ 34.Kf2 Ba2
35.g4 Rb8 36.Nd7 Re8 37.Nc5 e5 38.Nb7 Be6 39.h4 Kg6 40.Kg3 Rf8 41.Na5 Rf7
42.Rc5 Rd7 43.Nc6 Kh6 44.Rb5 Kg6 45.h5+ Kf7 46.g5 Rc7 47.Nd8+ Ke7 48.Nxe6 Kxe6
49.Rb6+ Kf7 50.gxf6 gxf6 51.Kg4 Rc3 52.Rb7+ Ke6 53.h6 Rc1 54.Rb6+ Ke7 55.Kf5 Rf1
56.Re6+ Kd7 57.Rxf6 Rxf3+ 58.Kxe5 Ra3 59.Rf7+ Ke8 60.Rxh7 Ra6 61.Kf5 Kf8
62.e5 Rb6 63.e6 Rb1 64.Rf7+ Ke8 65.h7 Rf1+ 66.Kg4 Rg1+ 67.Kf3 Rh1 68.Rg7  1-0

[Event "Tapolca op"]
[Site "Budapest"]
[Date "1999.01.15"]
[Round "8"]
[White "Kahn, Evarth"]
[Black "Nguyen Anh Dung"]
[Result "1/2-1/2"]
[WhiteElo "2325"]
[BlackElo "2495"]

1.d4 Nf6 2.c4 e6 3.Nc3 Bb4 4.Qc2 O-O 5.a3 Bxc3+ 6.Qxc3 b6 7.Bg5 Bb7 8.f3 c5
9.dxc5 bxc5 10.e3 d6 11.O-O-O Qe7 12.Ne2 Nbd7 13.Ng3 h6 14.Bf4 e5 15.Nf5 Qe6
16.Nxd6 exf4 17.Nxb7 fxe3 18.Be2  1/2-1/2

[Event "ISR-chT"]
[Site "Israel"]
[Date "1999.01.15"]
[Round "2"]
[White "Soffer, Ram"]
[Black "Gruenfeld, Yehuda"]
[Result "1/2-1/2"]
[WhiteElo "2520"]
[BlackElo "2475"]

1.d4 Nf6 2.c4 e6 3.Nc3 Bb4 4.Qc2 O-O 5.a3 Bxc3+ 6.Qxc3 b6 7.Nf3 c5 8.dxc5 bxc5
9.e3 Nc6 10.b4 Ne4 11.Qc2 d5 12.b5 Qa5+ 13.Bd2 Nxd2 14.Nxd2 Ne5 15.cxd5 Rd8
16.Qxc5 Rxd5 17.Qb4 Qd8 18.Nb3 a5 19.bxa6 Rxa6 20.Nd4 Nc6 21.Nxc6 Rxc6 22.Bb5 Rb6
23.a4 Ba6 24.O-O Bxb5 25.axb5 Rbxb5 26.Qc4 Rbc5  1/2-1/2

[Event "BL9899 (Women)"]
[Site "Germany"]
[Date "1999.01.16"]
[Round "7.3"]
[White "Elschner, Annegret"]
[Black "Litinskaya, Marta I"]
[Result "0-1"]
[WhiteElo "2138"]
[BlackElo "2390"]

1.d4 Nf6 2.c4 e6 3.Nc3 Bb4 4.Qc2 O-O 5.a3 Bxc3+ 6.Qxc3 b6 7.Bg5 Bb7 8.f3 h6
9.Bh4 d6 10.e3 Nbd7 11.Nh3 a5 12.Nf2 Re8 13.Be2 a4 14.Bxf6 Nxf6 15.Rd1 Qe7
16.O-O e5 17.dxe5 Qxe5 18.Qxe5 Rxe5 19.e4 Rae8 20.Nd3 Ra5 21.Rd2 Kf8 22.Rc1 Nd7
23.Bd1 Nc5 24.Rc3 Bc6 25.Kf2 Re7 26.Nxc5 bxc5 27.Re3 Ra8 28.Rde2 Rae8 29.Bc2 g5
30.h3 f6 31.Bd1 h5 32.Re1 h4 33.R1e2 Kg7 34.Bc2 Kh6 35.Bd1 Rb8 36.Rd2 Bd7
37.Rde2 Ree8 38.Rd2 Rb6 39.Ree2 Reb8 40.Ke1 Ra8 41.Re3 Be6 42.Rc2 Rab8 43.Ree2 Kg6
44.Kf2 Kf7 45.Ke1 Ke7 46.Kf2 R6b7 47.Ke1 Rb3 48.Rcd2 Bxc4 49.Bxb3 Rxb3 50.Rc2 Bxe2
51.Kxe2 Kd7 52.Kd2 Kc6 53.Kc1 Rd3 54.Re2 c4 55.Kc2 Kc5 56.Re1 Kd4 57.Re2 c6
58.Re1 Re3 59.Rd1+ Ke5 60.Rd2 d5 61.exd5 cxd5 62.Rf2 d4 63.Rd2 Re1 64.Rf2 Kf4
65.Kd2 Rb1 66.Kc2 Ke3  0-1

[Event "Ubeda op"]
[Site "Ubeda"]
[Date "1999.01.21"]
[Round "2"]
[White "Grigore, George"]
[Black "Pilgaard, Kim"]
[Result "1-0"]
[WhiteElo "2475"]
[BlackElo "2370"]

1.d4 Nf6 2.c4 e6 3.Nc3 Bb4 4.Qc2 O-O 5.a3 Bxc3+ 6.Qxc3 Ne4 7.Qc2 f5 8.g3 b6
9.Bg2 Bb7 10.Nf3 d6 11.O-O Nf6 12.d5 exd5 13.Nd4 Qd7 14.Qxf5 Ne4 15.Qxd7 Nxd7
16.Nb5 dxc4 17.Nxc7 Rac8 18.Nb5 d5 19.Bh3 Rcd8 20.f3 Nec5 21.Bf4 Nf6 22.Bc7 Rde8
23.Rf2 Bc8 24.Bxc8 Rxc8 25.Be5 a6 26.Nc3 Ncd7 27.Bd4 Kf7 28.Rd1 Ke6 29.e3 b5
30.Rfd2 Nc5 31.Kg2 Nd3 32.Ne2 g5 33.h3 Rc7 34.Nc1 Nxc1 35.Rxc1 Rcf7 36.Rcd1 Nd7
37.f4 gxf4 38.exf4 Rd8 39.Re2+ Kd6 40.Bc3 Nc5 41.Be5+ Kc6 42.Kf3 Re8 43.Re3 Nd3
44.Rexd3 cxd3 45.Ke3 d4+ 46.Ke4 Rd7 47.Rc1+ Kb7 48.Kxd3 Re6 49.g4 Rc6 50.Rg1 Kc8
51.g5 Kd8 52.h4 Ke8 53.h5 Kf7 54.f5 Rc5 55.g6+ Kg8 56.Re1 Re7 57.Kxd4 Rc4+
58.Kd5 Rf4 59.Kd6 Re8 60.Kd7 Rxf5 61.Kxe8 Rxh5 62.g7 Rf5 63.Ke7  1-0

[Event "Mermaid Beach Club"]
[Site "Bermuda"]
[Date "1999.01.22"]
[Round "2"]
[White "Elbilia, Jacques"]
[Black "Gershon, Alik"]
[Result "1/2-1/2"]
[WhiteElo "2360"]
[BlackElo "2467"]

1.d4 Nf6 2.c4 e6 3.Nc3 Bb4 4.Qc2 O-O 5.a3 Bxc3+ 6.Qxc3 b6 7.Bg5 Bb7 8.f3 d5
9.e3 Nbd7 10.Nh3 h6 11.Bh4 Rc8 12.cxd5 Nxd5 13.Bxd8 Nxc3 14.Bh4 Nd5 15.Bf2 c5
16.Bb5 Bc6 17.Ba6 Rcd8 18.e4 Nc7 19.Be2 cxd4 20.Bxd4 e5 21.Be3 Ne6 22.Kf2 Ndc5
23.Rhd1 Ba4 24.Rd5 Bb3 25.Rxe5 f6 26.Rh5 g5 27.Ng1 Kg7 28.g4 Na4 29.h4 Kg6
30.hxg5 fxg5 31.Rc1 Nxb2 32.Rb1 Nd1+ 33.Bxd1 Bxd1 34.Ne2 Rd3 35.Rh1 Ba4 36.Ng3 Rxa3
37.Nf5 Rh8 38.Ra1 Rxa1 39.Rxa1 b5 40.Bxa7 h5 41.gxh5+ Rxh5 42.Ne7+ Kf7 43.Nd5 Nf4  1/2-1/2

[Event "Vijnce Toth mem"]
[Site "Rio de Janeiro"]
[Date "1999.02.05"]
[Round "6"]
[White "Miranda, Marcio MC"]
[Black "Izeta Txabarri, Felix"]
[Result "0-1"]
[WhiteElo "2285"]
[BlackElo "2516"]

1.d4 Nf6 2.c4 e6 3.Nc3 Bb4 4.Qc2 O-O 5.e4 c5 6.dxc5 Nc6 7.Nf3 Bxc5 8.Bg5 h6
9.Bh4 Nd4 10.Nxd4 Bxd4 11.Bd3 d6 12.O-O g5 13.Bg3 e5 14.Kh1 Nh5 15.Nd5 Nf4
16.Bxf4 gxf4 17.Qe2 Kh8 18.g3 Rg8 19.Qh5 Qg5 20.Qxg5 Rxg5 21.Kg2 b6 22.Nc7 Rb8
23.Nb5 Bc5 24.Nxa7 Bd7 25.Nb5 Rbg8 26.a3 Bh3+ 27.Kh1 f3 28.b4 Bg2+ 29.Kg1 Rxg3  0-1

[Event "Budapest FS02 GM"]
[Site "Budapest"]
[Date "1999.02.07"]
[Round "2"]
[White "Hoang Th Trang"]
[Black "Lukacs, Peter"]
[Result "1/2-1/2"]
[WhiteElo "2450"]
[BlackElo "2467"]

1.d4 Nf6 2.c4 e6 3.Nc3 Bb4 4.Qc2 O-O 5.a3 Bxc3+ 6.Qxc3 b6 7.Bg5 Ba6 8.e3 d6
9.Nf3 Nbd7 10.Bd3 c5 11.b4 cxd4 12.exd4 Rc8 13.Qb3 h6 14.Bxf6 Nxf6 15.O-O Bb7
16.Be2 Qe7  1/2-1/2

[Event "Oberliga Sued W9899"]
[Site "Wuertemberg"]
[Date "1999.02.07"]
[Round "6"]
[White "Lang, Marc"]
[Black "Berezovsky, Igor"]
[Result "1/2-1/2"]
[WhiteElo "2320"]
[BlackElo "2375"]

1.d4 Nf6 2.c4 e6 3.Nc3 Bb4 4.Qc2 O-O 5.a3 Bxc3+ 6.Qxc3 b5 7.cxb5 c6 8.Bg5 cxb5
9.e3 Bb7 10.Nf3 h6 11.Bh4 a6 12.Bd3 d6 13.O-O Nbd7 14.Bg3 Rc8 15.Qb4 Nd5
16.Qd2 N7b6 17.e4 Nf6 18.Bh4 e5 19.Rfe1 Nc4  1/2-1/2

[Event "Oberliga Sued W9899"]
[Site "Wuertemberg"]
[Date "1999.02.07"]
[Round "6"]
[White "Lorscheid, Gerhard"]
[Black "Ortmann, David"]
[Result "1/2-1/2"]
[WhiteElo "2300"]
[BlackElo "2165"]

1.d4 Nf6 2.c4 e6 3.Nc3 Bb4 4.Qc2 O-O 5.a3 Bxc3+ 6.Qxc3 b6 7.Bg5 Bb7 8.Nf3 d6
9.Nd2 Nbd7 10.f3 d5 11.e3 Re8 12.cxd5 exd5 13.Rc1 Rc8 14.Bd3 h6 15.Bxf6 Nxf6
16.Bf5 Nd7 17.O-O Qe7 18.Rfe1 c5 19.dxc5 Rxc5 20.Qd4 Nf6 21.Kf2 Bc8 22.Bd3 Qc7
23.Rxc5  1/2-1/2

[Event "Victor Ciocaltea Memorial"]
[Site "Bucharest"]
[Date "1999.03.13"]
[Round "10"]
[White "Vasilescu, Lucian"]
[Black "Iordachescu, Viorel"]
[Result "0-1"]
[WhiteElo "2381"]
[BlackElo "2539"]

1.d4 Nf6 2.c4 e6 3.Nc3 Bb4 4.Qc2 O-O 5.a3 Bxc3+ 6.Qxc3 b6 7.Bg5 Ba6 8.Nf3 d6
9.e3 Nbd7 10.b4 c5 11.Qb3 Qc7 12.dxc5 bxc5 13.Bd3 Rfc8 14.b5 Qa5+ 15.Ke2 Bb7
16.Rab1 a6 17.a4 Ne4 18.Bxe4 Bxe4 19.Rb2 axb5 20.axb5 Nb6 21.Rc1 d5 22.Nd2 Na4
23.Nxe4 Nxb2 24.cxd5 exd5 25.Nd6 Nc4 26.Nxc4 dxc4 27.Qxc4 Qa2+ 28.Kf3 Qxc4
29.Rxc4 Rab8 30.Ke4 Rxb5 31.Kd5 Rb2 32.Bh4 Rd2+ 33.Ke4 f6 34.g4 Kf7 35.Bg3 Ke6
36.f4 Kd6 37.g5 Re8+ 38.Kf5 Rd5+ 39.Kg4 f5+ 40.Kf3 Rd3 41.Bf2 Ra8 42.Rc2 Kd5
43.Rb2 c4 44.Rb7 Kc6  0-1

[Event "BCF-chT 98/99 (4NCL)"]
[Site "GBR"]
[Date "1999.03.20"]
[Round "7"]
[White "Palliser, Richard"]
[Black "Lalic, Bogdan"]
[Result "0-1"]
[WhiteElo "2245"]
[BlackElo "2549"]

1.d4 Nf6 2.c4 e6 3.Nc3 Bb4 4.Qc2 O-O 5.e4 d5 6.e5 Ne4 7.Bd3 c5 8.cxd5 exd5
9.Ne2 Nc6 10.O-O Bf5 11.f3 c4 12.fxe4 cxd3 13.Qxd3 dxe4 14.Nxe4 Nxe5 15.Nf6+ Qxf6
16.Qxf5 Qxf5 17.Rxf5 Nd3 18.Nf4 Nxc1 19.Rxc1 Bd2 20.Rd1 g6 21.Rf6 Kg7 22.Nd5 Ba5
23.Rd6 Rfd8 24.Rxd8 Rxd8 25.Nc3 Bb6 26.Ne2 Rc8 27.Kf1 Rc2 28.Rb1 Rd2 29.Ke1 Rd3
30.Rc1 Bxd4 31.Nxd4 Rxd4 32.Rc7 Rb4 33.b3 Kf6 34.Kf2 Ke6 35.Kf3 a5 36.Rc5 b6
37.Rc6+ Ke5 38.Rc7 Rf4+ 39.Ke3 Rf6 40.Rc1 Kd6 41.Ke2 Kd7 42.Rc4 Rc6 43.Rd4+ Ke6
44.Rd2 f5 45.a4 Ke5 46.Rb2 Kd4 47.Kd2 Rc3  0-1

[Event "Bled op"]
[Site "Bled"]
[Date "1999.03.22"]
[Round "3"]
[White "Gustafsson, Jan"]
[Black "Farago, Ivan"]
[Result "1/2-1/2"]
[WhiteElo "2416"]
[BlackElo "2533"]

1.d4 e6 2.c4 Nf6 3.Nc3 Bb4 4.Qc2 O-O 5.Nf3 c5 6.dxc5 Na6 7.Bd2 Nxc5 8.e3 d6
9.a3 Bxc3 10.Bxc3 Bd7 11.Nd2 Rc8 12.b3 b5 13.Qb2 e5 14.cxb5 Bf5 15.Nc4 Nd3+
16.Bxd3 Bxd3 17.Rd1 e4 18.a4  1/2-1/2

[Event "Bled op"]
[Site "Bled"]
[Date "1999.03.23"]
[Round "4"]
[White "Atalik, Suat"]
[Black "Gustafsson, Jan"]
[Result "1/2-1/2"]
[WhiteElo "2593"]
[BlackElo "2416"]

1.d4 Nf6 2.c4 e6 3.Nc3 Bb4 4.Qc2 O-O 5.a3 Bxc3+ 6.Qxc3 b6 7.Bg5 Ba6 8.e3 d6
9.Bd3 Nbd7 10.Qc2 h6 11.Bh4 c5 12.Ne2 Rc8 13.Qa4 cxd4 14.exd4 Nb8 15.Bxf6 Qxf6
16.Rd1 d5 17.cxd5 Bxd3 18.Rxd3 Qg6 19.Rg3 Qe4 20.Qd1 Qxd5 21.Nc3 Qd7 22.Qd2 Kh8
23.O-O Nc6 24.Rd1 Rfd8 25.Rd3 Ne7 26.Qf4 Nd5 27.Nxd5 exd5 28.h3 Re8 29.Rf3 Kg8
30.Qf5 Qxf5 31.Rxf5 Red8 32.Re1 Rd7 33.Ree5 Rc4 34.Rxd5 Rxd4 35.Rxd7 Rxd7
36.Kf1 Rd2 37.b3 Rd3 38.Rb5 Rd2 39.a4 Rb2 40.a5 bxa5 41.Rxa5 Rxb3 42.Rxa7  1/2-1/2

[Event "Schloss Open A 5th"]
[Site "Werther"]
[Date "1999.03.28"]
[Round "4"]
[White "Geisler, Robert"]
[Black "Hofene, Dieter"]
[Result "1/2-1/2"]
[WhiteElo "2235"]
[BlackElo "2170"]

1.d4 Nf6 2.c4 e6 3.Nc3 Bb4 4.Qc2 O-O 5.a3 Bxc3+ 6.Qxc3 b5 7.b3 Bb7 8.f3 Nh5
9.Nh3 f5 10.e3 Qh4+ 11.Nf2 bxc4 12.bxc4 Nc6 13.Be2 Nf6 14.O-O g5 15.Rb1 Rab8
16.Bb2 d5 17.Bc1 Ba8 18.Bd2 g4 19.Nd3 gxf3 20.Bxf3 Ne4 21.Bxe4 Rxb1 22.Rxb1 Qxe4
23.Rf1 dxc4 24.Nf4 Ne7 25.Qxc4 Nd5  1/2-1/2

[Event "IND-ch"]
[Site "Nagpur"]
[Date "1999.04.02"]
[Round "11"]
[White "Sashikiran, Krishnan"]
[Black "Kunte, Abhijit"]
[Result "0-1"]
[WhiteElo "2525"]
[BlackElo "2455"]

1.d4 Nf6 2.c4 e6 3.Nc3 Bb4 4.Qc2 O-O 5.a3 Bxc3+ 6.Qxc3 b6 7.Bg5 Ba6 8.e3 d6
9.Bd3 Nbd7 10.Ne2 h6 11.Bh4 Rc8 12.b4 c5 13.dxc5 bxc5 14.b5 Bb7 15.O-O Ne5
16.Bb1 Qe7 17.f3 Ng6 18.Bf2 Nd7 19.a4 f5 20.Ra2 Nge5 21.Bg3 h5 22.h4 Ng6
23.Nf4 Nde5 24.Nxh5 Rf7 25.Rd2 Re8 26.Kf2 Ba8 27.a5 d5 28.Bxe5 d4 29.exd4 Nxe5
30.dxe5 Qxh4+ 31.Ng3 f4 32.Rh1 fxg3+ 33.Kg1 Qg5 34.Bh7+ Kf8 35.Qd3 Qxe5 36.Rd1 Rd7
37.Bg6 Qe3+ 38.Kf1 Qf2+  0-1

[Event "Mitropa Cup"]
[Site "Baden"]
[Date "1999.04.04"]
[Round "4"]
[White "Jelen, Igor"]
[Black "Gyimesi, Zoltan"]
[Result "1/2-1/2"]
[WhiteElo "2389"]
[BlackElo "2529"]

1.d4 Nf6 2.c4 e6 3.Nc3 Bb4 4.Qc2 O-O 5.a3 Bxc3+ 6.Qxc3 b6 7.Bg5 Ba6 8.e3 d6
9.Bd3 Nbd7 10.b4 c5 11.dxc5 bxc5 12.Nf3 d5 13.cxd5 Nxd5 14.Bxd8 Nxc3 15.Bxa6 Rfxd8
16.O-O Rab8 17.Rfc1 cxb4 18.axb4 Nd5 19.b5 Rb6 20.Nd4 Kf8 21.Kf1 Nb8 22.Nc6 Nxc6
23.bxc6 Rd6 24.Bb7 Ne7 25.Rxa7  1/2-1/2

[Event "Dreifluesse op 7th"]
[Site "Passau"]
[Date "1999.04.04"]
[Round "6"]
[White "Dufner, Andreas"]
[Black "Hamm, Stefan"]
[Result "0-1"]
[WhiteElo "1914"]
[BlackElo "2245"]

1.d4 Nf6 2.c4 e6 3.Nc3 Bb4 4.Qc2 O-O 5.Nf3 d6 6.Bg5 Nbd7 7.Rd1 h6 8.Bh4 Qe7
9.e3 e5 10.dxe5 dxe5 11.Be2 b6 12.O-O Bxc3 13.Qxc3 g5 14.Nxg5 hxg5 15.Bxg5 Qe6
16.f3 Re8 17.Qe1 Nh7 18.Bh4 Ndf8 19.g4 Bb7 20.Qc3 Ng6 21.Bg3 Qe7 22.Qe1 Rad8
23.h4 Rxd1 24.Bxd1 Qc5 25.Kh2 Qxc4 26.Bb3 Qc6 27.h5 Ngf8 28.Bh4 Bc8 29.g5 Be6
30.Qd1 Bxb3 31.Qxb3 Qe6 32.Qc2 e4 33.Qxc7 Rc8 34.Qg3 Rc2+ 35.Kg1 Rxb2 36.f4 Rb5
37.Rf2 Qf5 38.Rg2 Ne6 39.g6 fxg6 40.hxg6 Nf6 41.Bxf6 Qxf6 42.Qh3 Qa1+ 43.Kh2 Qh8
44.Qxh8+ Kxh8 45.Kg3 Kg7 46.Kg4 Kxg6 47.Rd2 Kf6 48.Rh2 Ng7 49.Rh6+ Kf7 50.Re6  0-1

[Event "Budapest FS04 GM"]
[Site "Budapest"]
[Date "1999.04.07"]
[Round "5"]
[White "Hoang Th Trang"]
[Black "Hoffmann, Michael"]
[Result "1-0"]
[WhiteElo "2450"]
[BlackElo "2407"]

1.d4 Nf6 2.c4 e6 3.Nc3 Bb4 4.Qc2 O-O 5.a3 Bxc3+ 6.Qxc3 b6 7.Bg5 Ba6 8.Nf3 d6
9.e3 Nbd7 10.Bd3 h6 11.Bh4 c5 12.O-O Rc8 13.d5 exd5 14.cxd5 Bxd3 15.Qxd3 Qc7
16.e4 c4 17.Qc2 Rfe8 18.Rfe1 c3 19.Rac1 Qc4 20.Qxc3 Qxc3 21.Rxc3 Rxc3 22.bxc3 Rxe4
23.Bxf6 Nxf6 24.Rxe4 Nxe4 25.c4 g5 26.g4 f5 27.h3 h5 28.gxh5 g4 29.Nd4 Nd2
30.Nxf5 Nxc4 31.hxg4 Nxa3 32.Nxd6 b5 33.Ne4 Nc4 34.d6 Nb6 35.Nc5 b4 36.d7 Nxd7
37.Nxd7 b3 38.Nf6+  1-0

[Event "Hampstead IM-A 5th"]
[Site "London"]
[Date "1999.04.07"]
[Round "1"]
[White "Sheldon, Ruth"]
[Black "Anderton, David W"]
[Result "0-1"]
[WhiteElo "2265"]
[BlackElo "2205"]

1.d4 Nf6 2.c4 e6 3.Nc3 Bb4 4.Qc2 O-O 5.a3 Bxc3+ 6.Qxc3 Ne4 7.Qc2 f5 8.g3 b6
9.Bg2 Bb7 10.Nf3 Nf6 11.b4 Be4 12.Qb3 d6 13.O-O Qe8 14.Rd1 Nbd7 15.d5 e5
16.Bb2 Qh5 17.Rac1 Rab8 18.Qa4 a5 19.Qc6 Rfc8 20.Bc3 axb4 21.axb4 Nf8 22.Ra1 Ng6
23.Ra7 Ne7 24.Qb5 h6 25.Rda1 Qe8 26.Qxe8+ Nxe8 27.Nd2 Bxg2 28.Kxg2 b5 29.R7a5 bxc4
30.f4 Nf6 31.fxe5 Nfxd5 32.Rc1 Nxc3 33.Rxc3 Nc6 34.Ra4 d5 35.Nf3 Re8 36.Kf2 Rxb4
37.Rxb4 Nxb4 38.Ke3 c5 39.Kf4 g6 40.h4 d4  0-1

[Event "Budapest FS04 GM"]
[Site "Budapest"]
[Date "1999.04.11"]
[Round "9"]
[White "Hoang Th Trang"]
[Black "Zontakh, Andrey"]
[Result "1/2-1/2"]
[WhiteElo "2450"]
[BlackElo "2530"]

1.d4 Nf6 2.c4 e6 3.Nc3 Bb4 4.Qc2 O-O 5.a3 Bxc3+ 6.Qxc3 b6 7.Bg5 Bb7 8.Nf3 d6
9.Nd2 h6 10.Bh4 Nbd7 11.f3 d5 12.e3 Re8 13.cxd5 exd5 14.Bf2 c5 15.Bd3 Nf8
16.O-O Ne6 17.dxc5 bxc5 18.Rfe1 Rc8 19.Rac1 Nd7 20.Bg3 Qb6 21.Kh1 a5 22.b3 Ba6
23.e4 Nf6 24.Bxa6 Qxa6 25.exd5 Nxd5 26.Qc4 Qc6 27.Ne4 Red8 28.Bf2 Nb6 29.Qc3 Nd5
30.Qc4 Nb6 31.Qc2 Rd5 32.Red1 Rxd1+ 33.Rxd1 a4 34.b4 cxb4 35.Qxc6 Rxc6 36.axb4 Nc7
37.Ra1 Nbd5 38.Nc5 Nxb4 39.Rxa4 Nbd5 40.g3 Rb6 41.Ra2 Ne6 42.Nxe6 Rxe6 43.Kg2 g5
44.Bd4 Kh7 45.Ra5 Nb4 46.Re5 Rd6 47.Bc3 Nd5 48.Ba1 Kg6 49.Re2 f6 50.Kf2 Rb6
51.Rd2 Rb5 52.Rc2 h5 53.Bd4 Rb4 54.Rd2 Rc4 55.Be3 Ne7 56.Ba7 Nf5 57.Bb6 Rc3
58.Ba7 Ne7 59.Bd4 Rb3 60.Bc5 Nc6 61.Bd6 Kf5 62.Kg2 Rb5 63.Bc7 Rb7 64.Bd6 Ke6
65.Bc5 Kf5 66.Bd6 Rb3 67.Kf2 Ke6 68.Kg2 Na5 69.Bc7 Nc4 70.Ra2 Rb5 71.Kf2 Kd7
72.Rc2 Na3 73.Ra2 Rb3 74.Bb6 Nb5 75.Rd2+ Ke6 76.Bc5 f5 77.Kg2 Rb1 78.Re2+ Kf6
79.Be7+ Kg6 80.Rd2 Rb3 81.Bd8 g4 82.fxg4 hxg4 83.Be7 Nc3 84.Bd8 Ne4 85.Rc2 Rd3
86.Bc7 Ng5 87.Bf4 Nh3 88.Bb8 Rd1 89.Ba7 Kf6 90.Be3 Ke5 91.Rd2 Rb1 92.Ba7 Rb3
93.Bc5 Kf6 94.Ba7 Kg5 95.Bd4 f4 96.gxf4+ Nxf4+ 97.Kg1 Kf5 98.Bc5 Ke4 99.Bd6 Nd3
100.Kg2 Ke3 101.Ra2 Rb6 102.Bc7 Rb7  1/2-1/2

[Event "Golden Cleopatra op 3rd"]
[Site "Cairo"]
[Date "1999.04.11"]
[Round "1"]
[White "Abou el Zein, Eid Mahmoud"]
[Black "Aboudi, Marwan"]
[Result "1-0"]
[WhiteElo "2324"]
[BlackElo "2244"]

1.d4 Nf6 2.c4 e6 3.Nc3 Bb4 4.Qc2 O-O 5.e4 d5 6.e5 Ne4 7.Bd3 c5 8.cxd5 exd5
9.Ne2 Nc6 10.O-O Bxc3 11.bxc3 cxd4 12.Ba3 Re8 13.cxd4 Qa5 14.Qb2 b6 15.Rfc1 Bb7
16.Rc2 Rac8 17.f3 Ng5 18.Rac1 Nb8 19.Bb4 Qa4 20.Bd2 Ba6 21.Bxg5 Rxc2 22.Bxc2  1-0

[Event "Hampstead IM-B 5th"]
[Site "London"]
[Date "1999.04.11"]
[Round "5"]
[White "Kelly, Bryan"]
[Black "Richardson, John R"]
[Result "1/2-1/2"]
[WhiteElo "2423"]
[BlackElo "2300"]

1.d4 Nf6 2.c4 e6 3.Nc3 Bb4 4.Qc2 O-O 5.a3 Bxc3+ 6.Qxc3 b6 7.Bg5 h6 8.Bh4 Ba6
9.e3 d6 10.Bd3 Nbd7 11.Ne2 c5 12.b4 cxd4 13.exd4 Rc8 14.Qb3 e5 15.b5 Bb7
16.O-O e4 17.Bb1 d5 18.cxd5 Qc7 19.Qe3 Bxd5 20.a4 Bc4 21.Rc1 Qb7 22.Ng3 Rfe8
23.Re1 Bd3 24.Bxf6 Nxf6 25.Bxd3 exd3 26.Qxd3 Rxe1+ 27.Rxe1 Qc7 28.Nf5 Qc3
29.Qxc3 Rxc3 30.Ne7+ Kf8 31.Nc6 Ra3 32.Nxa7 Rxa4 33.Nc6 Nd5 34.g3 Nc3 35.Re7 Nxb5
36.Rb7 g6 37.d5 Ra1+ 38.Kg2 Rd1 39.Rxb6  1/2-1/2

[Event "Hampstead IM-A 5th"]
[Site "London"]
[Date "1999.04.13"]
[Round "7"]
[White "Anderton, David W"]
[Black "Cooper, Lawrence"]
[Result "1/2-1/2"]
[WhiteElo "2205"]
[BlackElo "2325"]

1.d4 Nf6 2.c4 e6 3.Nc3 Bb4 4.Qc2 O-O 5.e4 d5 6.e5 Ne4 7.Bd3 c5 8.cxd5 exd5
9.Ne2 Nc6 10.O-O Bxc3 11.bxc3 cxd4 12.cxd4 Nb4 13.Qb1 Nxd3 14.Qxd3 f6 15.f3 Ng5
16.f4 Ne4 17.Be3 Rf7 18.Ng3 f5  1/2-1/2

[Event "St Petersburg-ch"]
[Site "St Petersburg"]
[Date "1999.04.13"]
[Round "8"]
[White "Ivanov, Sergey"]
[Black "Biriukov, Oleg V"]
[Result "1-0"]
[WhiteElo "2528"]
[BlackElo "2407"]

1.d4 Nf6 2.c4 e6 3.Nc3 Bb4 4.Qc2 O-O 5.a3 Bxc3+ 6.Qxc3 d6 7.Bg5 Nbd7 8.e3 b6
9.Bd3 Bb7 10.f3 c5 11.Ne2 h6 12.Bh4 Rc8 13.Qb3 cxd4 14.exd4 d5 15.O-O dxc4
16.Bxc4 Qc7 17.Rac1 Qb8 18.Bg3 Qa8 19.Nc3 a6 20.a4 Rfd8 21.Rfe1 Nf8 22.Rcd1 Kh8
23.Be5 N8d7 24.Bd6 Re8 25.h3 Nd5 26.Ne4 N5f6 27.Nxf6 Nxf6 28.Qd3 Red8 29.Be7 Rd7
30.Bxf6 gxf6 31.b3 Kg7 32.f4 Rg8 33.Re3 Kh8 34.g3 Rgd8 35.Qc3 Kg7 36.Kh2 Qc8
37.g4 Qc7 38.Kg3 e5 39.fxe5 fxe5 40.d5 f6 41.Rf1 a5 42.Bb5 Re7 43.Bc6 Bxc6
44.Qxc6 Qxc6 45.dxc6 Rc7 46.Rc3 Rd6 47.Rfc1 Kg6 48.Kf3 Kg5 49.Ke3 h5 50.Rc4 hxg4
51.hxg4 Rd8 52.b4 axb4 53.Rxb4 Ra8 54.Rcc4 f5 55.Rxb6 Raa7 56.gxf5 Kxf5 57.Rb5 Rh7
58.a5 Ke6 59.a6 Kd6 60.Rb7 Rc7 61.Rb6 Ra8 62.Ke4 Rac8 63.Rc1 Ke6 64.Rc5 Kd6
65.Rd5+ Ke6 66.Rxe5+ Kd6 67.Rd5+ Ke6 68.Kd4 Rxc6 69.Rxc6+ Rxc6 70.Ra5  1-0

[Event "BL2-W9899"]
[Site "Germany"]
[Date "1999.04.18"]
[Round "9.8"]
[White "Puth, Dieter"]
[Black "Emunds, Hans Georg"]
[Result "1/2-1/2"]
[WhiteElo "2229"]
[BlackElo "2185"]

1.d4 Nf6 2.c4 e6 3.Nc3 Bb4 4.Qc2 O-O 5.Nf3 c5 6.dxc5 Na6 7.e3 Nxc5 8.Bd2 b6
9.Rd1 Bb7 10.Ng5 h6 11.Nh3 Nfe4 12.Nxe4 Bxe4 13.Qc1 Bxg2 14.Rg1 Bxf1 15.Kxf1 Qh4
16.Bxb4 Qxh3+ 17.Rg2 Rad8 18.Rd6 e5 19.Bxc5 bxc5 20.Qd2 Qf3 21.Qd5 Qxd5 22.cxd5 f6
23.Rg4 Kf7 24.Rc4 Ke7 25.Ra6 Rb8 26.b3 Rb6 27.Ra5 Kd6 28.Raxc5 f5 29.Ra5 a6
30.Ke2 Rf7 31.f3 Rf6 32.Rc8 Rg6 33.Kf2 e4 34.fxe4 fxe4 35.Re8 Rf6+ 36.Kg2 Rb5
37.Rxb5 axb5 38.Rxe4 Kxd5 39.Rd4+ Kc6 40.Rg4 g5 41.h4 Rf5 42.hxg5 hxg5  1/2-1/2

[Event "Kastav"]
[Site "Kastav"]
[Date "1999.04.29"]
[Round "8"]
[White "Jelen, Igor"]
[Black "Drei, Andrea"]
[Result "1-0"]
[WhiteElo "2389"]
[BlackElo "2349"]

1.d4 Nf6 2.c4 e6 3.Nc3 Bb4 4.Qc2 O-O 5.a3 Bxc3+ 6.Qxc3 b6 7.Bg5 Bb7 8.f3 c5
9.dxc5 bxc5 10.e3 Nc6 11.Bd3 h6 12.Bh4 Qa5 13.Bxf6 gxf6 14.Ne2 Rab8 15.O-O-O Qxc3+
16.Nxc3 Ne5 17.Be2 Rfd8 18.f4 Ng6 19.Bf3 Bxf3 20.gxf3 Kf8 21.Rd6 Nh4 22.Ra6 Rb7
23.Nb5 Ra8 24.Rf1 Ke7 25.Kc2 d5 26.b3 dxc4 27.bxc4 Rd7 28.h3 Ng2 29.Kc3 Nxe3
30.Re1 Nf5 31.Re2 Nd4 32.Rd2 Nxf3 33.Rxd7+ Kxd7 34.Kd3 Ng1 35.Ke3 Nxh3 36.a4 e5
37.fxe5 fxe5 38.Ke4 Ng5+ 39.Kxe5 Ne6 40.Kf6 h5 41.Rd6+ Ke8 42.Rd5 Rb8 43.Nd6+ Kf8
44.Rxh5 Kg8 45.Nxf7  1-0